000 00810nam a2200289Ia 4500
001 Z_5318
003 CHAP
008 220113s2006 xx 000 0 und d
010 _a168384
040 _cCHAP
090 _aTesis T 1912
100 _aTorre Avendaño, Ariel de la
_9113993
245 _aInducción de ovulaciones múltiples en cabras /
_cAriel de la Torres Avendaño
260 _aChapingo, Méx. :
_bEl autor,
_c2006
300 _a41 h.
502 _aTesis (Ing. Agr. Esp. en Zootecnia) -- UACH. Departamento de Zootecnia
650 _aCiclo estrual
_923072
650 _aGonadotropina
_948622
650 _aOvulación
_984414
650 _aSincronización del celo
_9106556
901 _aTESIS T 1912
902 _aM
910 _a2006
942 _c2
942 _c2
999 _c168384
_d168384